000 00787nam a22002297a 4500
999 _c12754
_d12754
003 MIRAKIL
005 20190219111448.0
008 190219b tu ||||| |||| 00| 0 tur d
020 _a9786053326212
040 _aTR-AnCHP
_cTR-AnCHP
041 _atur
082 _a818.4209
_bG95a 2015
100 _aGünçıkan, Berat
245 1 0 _aAdalet yoksa gelecek de yok :
_bAysel Çelikel Kitabı /
_cBerat Günçıkan.
260 _aİstanbul:
_bTürkiye İş Bankası Kültür Yayınları,
_c2015.
300 _a364 s. :
_bfotğ.,
_c20 sm.
490 0 _aTürkiye İş Bankası Kültür Yayınları ;
_vgenel yayın: 3438
504 _aKaynakça ve dizin vardır.
600 0 _95201
_aÇelikel, Aysel
_xyaşamöyküsü
650 0 _919
_aTürk edebiyatı
_xyaşamöyküsü
942 _2ddc
_cBKS